01639nmm a2200277 i 4500003000900000005001700009007000300026008004100029040003300070100003500103245026600138264003900404300005400443336002700497337002900524338003900553347003100592502017700623504003000800505022400830650005701054650003401111650003501145700004101180856014001221DO-SdISF20250403122019.0ta240209s2020 dr a|||fom|d| 001 0 spa d aCGIP0032bspaerdacCGIP00321 aCruz, Jean Carlos De Laeautor10aNivel de apropiación de las competencias fundamentales en la comunidad educativa del primer ciclo del nivel secundario perteneciente al distrito educativo 08-05, año escolar 2019-2020/csustentado: Jean Carlos de la Cruz ; asesor: Mauricio Javier Prada Rozo 1aSanto Domingo : bISFODOSU, c2020 a1 recurso en línea (64 hojas) :bilustraciones  2rdacontentatextobtxt 2rdamediaacomputadorabc 2rdacarrierarecurso en líneabcr 2rdaaarchivo de textobPDF aTesis para optar por el título de Maestría en Educación Física Integral - Instituto Superior de Formación Docente Salomé Ureña - ISFODOSU, Recinto EMH, 2020.  aBibliografía en hoja 59 aIntroducción al problema de investigación 1 - Revisión de literatura 10 - Metodología 18 - Presentación de los resultados 26 - Interpretación de los resultados 52 - Referencias bibliografíca 59 - anexos 6514aEducación físicazRepública Dominicana2armarc17aAptitudesxMediciones2armarc17aEducación secundaria2armarc1 aPrada Rozo, Mauricio Javier easesor uhttps://biblioteca.isfodosu.edu.do/cgi-bin/koha/opac-retrieve-file.pl?id=cf2e1a0a148228d9dd463672645c6d53yClic para ver Texto Completo